[Event "BCF-chT1a 1415 (4NCL)"]
[Site "England"]
[Date "2015.01.11"]
[Round "4.126"]
[White "Buckley, Simon T"]
[Black "Morrison, Graham"]
[Result "1/2-1/2"]
[WhiteElo "2345"]
[BlackElo "2364"]
[PlyCount "76"]
[EventDate "2014.11.15"]
[EventType "team-swiss"]
[EventRounds "11"]
[EventCountry "ENG"]
[SourceTitle "EXT 2016"]
[Source "ChessBase"]
[SourceDate "2015.10.08"]
[SourceVersion "1"]
[SourceVersionDate "2015.10.08"]
[SourceQuality "1"]
[WhiteTeam "White Rose"]
[BlackTeam "Barbican"]
[WhiteTeamCountry "ENG"]
[BlackTeamCountry "ENG"]

1. d4 Nf6 2. Bg5 e6 3. e4 h6 4. Bxf6 Qxf6 5. c3 d5 6. e5 Qd8 7. f4 c5 8. Nf3 Nc6 9. Be2 Bd7 10. 0-0 Qb6 11. Qd2 Be7 12. Na3 cxd4 13. cxd4 0-0 14. Nc2 Rfc8 15. Ne3 Bb4 16. Qd3 Bf8 17. Qd2 Qb4 18. Rfd1 Qxd2 19. Rxd2 Na5 20. Rc2 Rxc2 21. Nxc2 Rc8 22. Nce1 Nc4 23. Rb1 a5 24. Kf2 a4 25. Bd3 b5 26. Ke2 b4 27. b3 Na3 28. Ra1 axb3 29. axb3 Rc3 30. Nd2 Bb5 31. Bxb5 Nxb5 32. Nef3 Na3 33. Ne1 g5 34. fxg5 hxg5 35. g4 Kg7 36. Nef3 Kg6 37. Kd1 Be7 38. Rc1 Nb5 1/2-1/2

[Event "BCF-chT2b 1415 (4NCL)"]
[Site "England"]
[Date "2015.01.10"]
[Round "3.16"]
[White "Lock, Gavin R"]
[Black "Buckley, Simon T"]
[Result "1/2-1/2"]
[WhiteElo "2144"]
[BlackElo "2345"]
[PlyCount "59"]
[EventDate "2014.11.15"]
[EventType "team-tourn"]
[EventRounds "7"]
[EventCountry "ENG"]
[SourceTitle "EXT 2016"]
[Source "ChessBase"]
[SourceDate "2015.10.08"]
[SourceVersion "1"]
[SourceVersionDate "2015.10.08"]
[SourceQuality "1"]
[WhiteTeam "Wessex"]
[BlackTeam "White Rose II"]
[WhiteTeamCountry "ENG"]
[BlackTeamCountry "ENG"]

1. d4 e6 2. Nf3 Nf6 3. Bg5 Be7 4. Nbd2 d5 5. e3 Nbd7 6. Bd3 b6 7. c3 Bb7 8. Qb1 h6 9. Bh4 c5 10. 0-0 0-0 11. b4 Bc6 12. a4 a5 13. dxc5 axb4 14. cxb4 bxc5 15. b5 Bb7 16. Qb2 c4 17. Be2 Nc5 18. Qc2 Ra7 19. Ra2 Qb6 20. Rfa1 Rfa8 21. h3 Qd8 22. Ne5 g5 23. Bg3 Nfe4 24. Nxe4 Nxe4 25. Bh2 f5 26. g4 Bf6 27. Rd1 Qe8 28. Rda1 Qd8 29. Rd1 Qe8 30. Rda1 1/2-1/2

[Event "BCF-chT1b 1314 (4NCL)"]
[Site "England"]
[Date "2014.01.12"]
[Round "4.154"]
[White "Aagaard, Jacob"]
[Black "Buckley, Simon T"]
[Result "1-0"]
[WhiteElo "2519"]
[BlackElo "2348"]
[PlyCount "65"]
[EventDate "2013.11.16"]
[EventType "team-tourn"]
[EventRounds "7"]
[EventCountry "ENG"]
[SourceTitle "EXT 2015"]
[Source "ChessBase"]
[SourceDate "2014.11.20"]
[SourceVersion "1"]
[SourceVersionDate "2014.11.20"]
[SourceQuality "1"]
[WhiteTeam "Wood Green Hilsmark"]
[BlackTeam "White Rose"]
[WhiteTeamCountry "ENG"]
[BlackTeamCountry "ENG"]

1. d4 e6 2. c4 Nf6 3. Nc3 Bb4 4. e3 c5 5. Nge2 cxd4 6. exd4 0-0 7. a3 Be7 8. d5 d6 9. dxe6 fxe6 10. Nf4 Qa5 11. Qe2 Qf5 12. g3 g5 13. Bh3 g4 14. Bg2 Nc6 15. Be3 Ne5 16. h3 Nf3+ 17. Kf1 Ne5 18. Re1 Ng6 19. hxg4 Qxg4 20. Bf3 Qf5 21. Nxg6 Qxg6 22. Kg2 e5 23. Rh6 Qg7 24. Rh4 Rf7 25. Reh1 Bf5 26. b4 h5 27. Bxb7 Raf8 28. Bf3 Ng4 29. Rxh5 e4 30. Rh8+ Qxh8 31. Rxh8+ Kxh8 32. Bxg4 Bg6 33. Nd5 1-0

[Event "BCF-chT1c 1011 (4NCL) Promotion pool"]
[Site "England"]
[Date "2011.05.02"]
[Round "11.12"]
[White "Buckley, Simon T"]
[Black "Cox, John J"]
[Result "1/2-1/2"]
[WhiteElo "2345"]
[BlackElo "2407"]
[PlyCount "45"]
[EventDate "2010.11.06"]
[EventType "team-tourn"]
[EventRounds "4"]
[EventCountry "ENG"]
[SourceTitle "EXT 2012"]
[Source "ChessBase"]
[SourceDate "2011.11.24"]
[SourceVersion "1"]
[SourceVersionDate "2011.11.24"]
[SourceQuality "1"]
[WhiteTeam "White Rose"]
[BlackTeam "Barbican"]
[WhiteTeamCountry "ENG"]
[BlackTeamCountry "ENG"]

1. c4 Nf6 2. Nc3 g6 3. d3 Bg7 4. g3 0-0 5. Bg2 d6 6. h3 e5 7. e4 Be6 8. Nge2 c6 9. f4 Nfd7 10. Be3 Na6 11. 0-0 f5 12. Re1 Kh8 13. b3 Qe7 14. Qd2 Nac5 15. b4 Na6 16. exf5 Bxf5 17. g4 Be6 18. b5 Nab8 19. bxc6 Nxc6 20. Nd5 Qd8 21. Rab1 Rb8 22. Nb4 Nxb4 23. Rxb4 1/2-1/2

[Event "BCF-chT1b 1011 (4NCL)"]
[Site "England"]
[Date "2011.02.20"]
[Round "6"]
[White "Arakhamia Grant, Ketevan"]
[Black "Buckley, Simon T"]
[Result "1-0"]
[WhiteElo "2458"]
[BlackElo "2345"]
[PlyCount "89"]
[EventDate "2010.11.06"]
[EventType "team-tourn"]
[EventRounds "7"]
[EventCountry "ENG"]
[SourceTitle "EXT 2012"]
[Source "ChessBase"]
[SourceDate "2011.11.24"]
[SourceVersion "1"]
[SourceVersionDate "2011.11.24"]
[SourceQuality "1"]
[WhiteTeam "Hilsmark Kingfisher"]
[BlackTeam "White Rose"]
[WhiteTeamCountry "ENG"]
[BlackTeamCountry "ENG"]

1. e4 c5 2. Nf3 d6 3. Bb5+ Bd7 4. Bxd7+ Qxd7 5. 0-0 Nc6 6. c3 Nf6 7. Qe2 e6 8. d4 d5 9. e5 Ng8 10. Nbd2 cxd4 11. cxd4 Nge7 12. Nb3 Nc8 13. Ne1 Be7 14. Qg4 g6 15. Bh6 b6 16. Nf3 Bf8 17. Bxf8 Kxf8 18. Qf4 h6 19. Rac1 N8e7 20. h4 Nb4 21. Qd2 Qb5 22. Ra1 a5 23. a3 Nbc6 24. Nc1 Kg7 25. Ne2 Rhc8 26. Nc3 Qa6 27. a4 Nb4 28. Nb5 Rc2 29. Qf4 Ng8 30. Ra3 Rf8 31. h5 Qc8 32. Rc3 Rxc3 33. bxc3 Nc6 34. Nd6 Qd7 35. Rb1 g5 36. Qe3 Rb8 37. Qd3 Nge7 38. Nxf7 Kxf7 39. Qh7+ Ke8 40. Qxh6 Ng8 41. Qh8 Kf8 42. Nxg5 Qe8 43. Re1 Ke7 44. Qg7+ Kd8 45. h6 1-0

[Event "BCF-chT1b 0910 (4NCL)"]
[Site "England"]
[Date "2010.01.17"]
[Round "4.5"]
[White "Buckley, Simon T"]
[Black "Martin, Andrew D"]
[Result "1/2-1/2"]
[WhiteElo "2348"]
[BlackElo "2411"]
[PlyCount "24"]
[EventDate "2009.10.24"]
[EventType "team-tourn"]
[EventRounds "7"]
[EventCountry "ENG"]
[SourceTitle "EXT 2011"]
[Source "ChessBase"]
[SourceDate "2010.11.26"]
[SourceVersion "1"]
[SourceVersionDate "2010.11.26"]
[SourceQuality "1"]
[WhiteTeam "White Rose"]
[BlackTeam "Wood Green Hilsmark Kingfisher II"]
[WhiteTeamCountry "ENG"]
[BlackTeamCountry "ENG"]

1. c4 Nf6 2. Nc3 e5 3. d3 Nc6 4. g3 d5 5. cxd5 Nxd5 6. Bg2 Nb6 7. Nf3 Be7 8. 0-0 0-0 9. a3 Be6 10. b4 f6 11. Bb2 Qd7 12. Ne4 Rad8 1/2-1/2

[Event "Amsterdam ACT op 2nd"]
[Site "Amsterdam"]
[Date "2005.07.21"]
[Round "6"]
[White "Buckley, Simon T"]
[Black "Wells, Peter K"]
[Result "1/2-1/2"]
[WhiteElo "2333"]
[BlackElo "2529"]
[PlyCount "56"]
[EventDate "2005.07.16"]
[EventType "swiss"]
[EventRounds "9"]
[EventCountry "NED"]
[SourceTitle "CBM 107 Extra"]
[Source "ChessBase"]
[SourceDate "2005.09.01"]
[SourceVersion "1"]
[SourceVersionDate "2005.09.01"]
[SourceQuality "1"]

1. c4 Nf6 2. Nc3 e6 3. d4 Bb4 4. Qc2 0-0 5. Nf3 c5 6. dxc5 Na6 7. Bd2 Nxc5 8. a3 Bxc3 9. Bxc3 Nce4 10. Bb4 d6 11. Rd1 Qc7 12. Nd2 a5 13. Nxe4 Nxe4 14. Bd2 d5 15. e3 b5 16. c5 b4 17. axb4 axb4 18. Bxb4 Rb8 19. Bc3 Qxc5 20. Bd3 Nxc3 21. bxc3 g6 22. 0-0 Bd7 23. c4 Rfc8 24. Qa2 Ra8 25. Qb2 dxc4 26. Bxc4 Qxc4 27. Rxd7 Ra2 28. Qd4 Qxd4 1/2-1/2

[Event "Amsterdam ACT op 2nd"]
[Site "Amsterdam"]
[Date "2005.07.16"]
[Round "1"]
[White "Timofeev, Artyom"]
[Black "Buckley, Simon T"]
[Result "1-0"]
[WhiteElo "2661"]
[BlackElo "2333"]
[PlyCount "55"]
[EventDate "2005.07.16"]
[EventType "swiss"]
[EventRounds "9"]
[EventCountry "NED"]
[SourceTitle "CBM 107 Extra"]
[Source "ChessBase"]
[SourceDate "2005.09.01"]
[SourceVersion "1"]
[SourceVersionDate "2005.09.01"]
[SourceQuality "1"]

1. e4 d6 2. d4 g6 3. Nc3 Bg7 4. f4 Nc6 5. Be3 Nf6 6. Nf3 0-0 7. Bc4 Nxe4 8. Nxe4 d5 9. Bd3 dxe4 10. Bxe4 Bf5 11. Bxf5 gxf5 12. c3 Na5 13. Qe2 Qd5 14. b3 h6 15. Rg1 Qc6 16. c4 b5 17. cxb5 Qe6 18. Ne5 Nb7 19. g4 Nd6 20. 0-0-0 fxg4 21. d5 Qf6 22. Rxg4 Nf5 23. Rdg1 Kh8 24. Bd2 Rg8 25. Bc3 Kh7 26. Qd3 Bh8 27. Bd4 e6 28. Nc6 1-0

[Event "BCF-chT 0405 (4NCL)"]
[Site "West Bromwich"]
[Date "2005.05.02"]
[Round "11.3"]
[White "Mestel, A Jonathan"]
[Black "Buckley, Simon T"]
[Result "1/2-1/2"]
[WhiteElo "2499"]
[BlackElo "2332"]
[PlyCount "63"]
[EventDate "2004.09.18"]
[EventType "team"]
[EventRounds "11"]
[EventCountry "ENG"]
[SourceTitle "EXT 2006"]
[Source "ChessBase"]
[SourceDate "2005.11.24"]
[SourceVersion "1"]
[SourceVersionDate "2005.11.24"]
[SourceQuality "1"]
[WhiteTeam "The ADS"]
[BlackTeam "Bristol"]
[WhiteTeamCountry "ENG"]
[BlackTeamCountry "ENG"]

1. c4 e6 2. Nf3 Nf6 3. g3 a6 4. Bg2 b5 5. b3 Bb7 6. 0-0 Be7 7. d3 c5 8. e3 0-0 9. Qe2 Qc7 10. Bb2 d6 11. Nbd2 Nc6 12. Rfc1 Rac8 13. Rab1 Qb6 14. a3 Rfd8 15. d4 Ba8 16. Bc3 b4 17. axb4 Nxb4 18. Ra1 a5 19. e4 cxd4 20. Bxd4 Qc7 21. Ne1 Nd7 22. Nd3 Bf6 23. Bxf6 Nxf6 24. Ra3 Nd7 25. Nf1 Qb6 26. Rca1 Nc5 27. Nxc5 Rxc5 28. Ne3 Bc6 29. h4 h6 30. Kh2 Bb7 31. Qd2 Nc6 32. Nc2 1/2-1/2

[Event "BCF-chT 0405 (4NCL)"]
[Site "West Bromwich"]
[Date "2005.05.01"]
[Round "10.4"]
[White "Rogers, Jonathan"]
[Black "Buckley, Simon T"]
[Result "0-1"]
[WhiteElo "2340"]
[BlackElo "2332"]
[PlyCount "128"]
[EventDate "2004.09.18"]
[EventType "team"]
[EventRounds "11"]
[EventCountry "ENG"]
[SourceTitle "EXT 2006"]
[Source "ChessBase"]
[SourceDate "2005.11.24"]
[SourceVersion "1"]
[SourceVersionDate "2005.11.24"]
[SourceQuality "1"]
[WhiteTeam "Barbican"]
[BlackTeam "Bristol"]
[WhiteTeamCountry "ENG"]
[BlackTeamCountry "ENG"]

1. Nf3 d6 2. d4 Nf6 3. c4 g6 4. Nc3 Bg7 5. b4 c5 6. a3 cxd4 7. Nxd4 d5 8. e3 0-0 9. Bb2 Nc6 10. Nxc6 bxc6 11. Be2 dxc4 12. Bxc4 a5 13. 0-0 axb4 14. axb4 Rb8 15. Qb3 Qd6 16. Be2 Rxb4 17. Qa3 Qb8 18. Nd1 Rb3 19. Qa2 Be6 20. Rc1 Ng4 21. Bxg4 Rxb2 22. Bxe6 Rxa2 23. Bxa2 Qb6 24. Re1 Rd8 25. Re2 Qc5 26. Rb1 Qb5 27. Kf1 Qa6 28. Ke1 Qa5+ 29. Kf1 c5 30. g3 Qa4 31. Bb3 Qa6 32. Ke1 c4 33. Bc2 c3 34. Rb3 Qc4 35. e4 Bd4 36. Ne3 Qc5 37. Kf1 e6 38. Kg2 Ra8 39. Ng4 h5 40. Ne3 Ra2 41. Nf1 Kg7 42. Rb1 Qc6 43. Rbe1 Qc4 44. h4 f6 45. Nh2 e5 46. Nf3 Rb2 47. Nh2 f5 48. Nf3 fxe4 49. Ng5 e3 50. f3 Kf8 51. Kh3 Ke7 52. Kg2 Kd6 53. Kh3 Kc5 54. Ne4+ Kb4 55. Rg2 Qa2 56. Ree2 Rxc2 57. Rxc2 Qxc2 58. Rxc2 Kb3 59. Re2 c2 60. Re1 Kb2 61. g4 c1Q 62. Rxc1 Kxc1 63. Ng3 Kd1 64. f4 exf4 0-1

[Event "BCF-chT 0405 (4NCL)"]
[Site "West Bromwich"]
[Date "2004.11.21"]
[Round "4.5"]
[White "Plaskett, H James"]
[Black "Buckley, Simon T"]
[Result "1/2-1/2"]
[WhiteElo "2490"]
[BlackElo "2332"]
[PlyCount "68"]
[EventDate "2004.09.18"]
[EventType "team"]
[EventRounds "11"]
[EventCountry "ENG"]
[SourceTitle "EXT 2006"]
[Source "ChessBase"]
[SourceDate "2005.11.24"]
[SourceVersion "1"]
[SourceVersionDate "2005.11.24"]
[SourceQuality "1"]
[WhiteTeam "Guildford"]
[BlackTeam "Bristol"]
[WhiteTeamCountry "ENG"]
[BlackTeamCountry "ENG"]

1. e4 e6 2. d4 d5 3. Nd2 Nf6 4. Bd3 c5 5. c3 cxd4 6. cxd4 dxe4 7. Nxe4 Nc6 8. Nf3 Nb4 9. Bb1 Bd7 10. Ne5 Be7 11. Ng5 0-0 12. a3 Nbd5 13. Qd3 g6 14. h4 Qa5+ 15. Bd2 Bb4 16. axb4 Qxa1 17. 0-0 Qxb2 18. h5 Bb5 19. Qxb5 Qxd2 20. Nexf7 Qxb4 21. Qxb4 Nxb4 22. hxg6 hxg6 23. Ne5 Nh7 24. Nxe6 Rf6 25. Bxg6 Nc6 26. f4 Nxe5 27. Bxh7+ Kxh7 28. Ng5+ Kg6 29. dxe5 Rxf4 30. Rxf4 Kxg5 31. Rf7 Rb8 32. e6 a5 33. Rd7 Kf6 34. e7 Re8 1/2-1/2

[Event "Amsterdam ACT op 1st"]
[Site "Amsterdam"]
[Date "2004.07.25"]
[Round "9"]
[White "Michiels, Bart"]
[Black "Buckley, Simon T"]
[Result "1/2-1/2"]
[WhiteElo "2450"]
[BlackElo "2314"]
[PlyCount "142"]
[EventDate "2004.07.17"]
[EventType "swiss"]
[EventRounds "9"]
[EventCountry "NED"]
[SourceTitle "CBM 101 Extra"]
[Source "ChessBase"]
[SourceDate "2004.09.01"]
[SourceVersion "2"]
[SourceVersionDate "2004.09.01"]
[SourceQuality "1"]

1. e4 g6 2. d4 Bg7 3. Nc3 a6 4. f4 b5 5. Nf3 d6 6. Bd3 Nd7 7. e5 Bb7 8. Qe2 e6 9. 0-0 Ne7 10. Ne4 Qb8 11. c3 h6 12. a4 d5 13. Nf2 bxa4 14. Rxa4 c5 15. dxc5 Nxc5 16. Ra3 Nxd3 17. Nxd3 Bc6 18. Nd4 Bb5 19. Nxb5 Qxb5 20. Be3 Nc6 21. Bc5 Bf8 22. Qe3 Na5 23. Bxf8 Kxf8 24. Qc5+ Qxc5+ 25. Nxc5 Nc4 26. Ra2 Ke7 27. b3 Rhc8 28. Na4 Na5 29. Nb6 Nxb3 30. Nxc8+ Rxc8 31. Rxa6 Rxc3 32. Ra3 d4 33. Rb1 Nc5 34. Rxc3 dxc3 35. Rc1 Nd3 36. Rxc3 Nxf4 37. Kf2 Kf8 38. Kf3 Nd5 39. Ra3 Kg7 40. Ra7 Nb6 41. Ke4 Nd5 42. Kd4 h5 43. Kc5 Ne3 44. Kd6 Nc4+ 45. Ke7 Nxe5 46. Ra2 Ng4 47. g3 Ne3 48. Ra7 Nf5+ 49. Ke8 Nh6 50. Ke7 g5 51. Ke8 Kg6 52. Kf8 e5 53. Ra6+ f6 54. Ke7 Nf5+ 55. Ke6 g4 56. Kd5 h4 57. gxh4 Nxh4 58. Ke4 Nf3 59. Ra2 Ng5+ 60. Ke3 f5 61. Ra6+ Kh5 62. Kf2 Ne4+ 63. Ke3 Ng5 64. Kf2 f4 65. Kg2 Nf3 66. Re6 Kg5 67. h3 Nh4+ 68. Kf1 Kf5 69. Rh6 Kg5 70. Re6 Kf5 71. Rh6 Kg5 1/2-1/2

[Event "BCF-chT2 0304 (4NCL)"]
[Site "West Bromwich"]
[Date "2004.03.20"]
[Round "5.4"]
[White "Almond, Richard"]
[Black "Buckley, Simon T"]
[Result "1/2-1/2"]
[WhiteElo "2169"]
[BlackElo "2294"]
[PlyCount "62"]
[EventDate "2003.11.17"]
[EventType "team"]
[EventRounds "11"]
[EventCountry "ENG"]
[SourceTitle "EXT 2005"]
[Source "ChessBase"]
[SourceDate "2004.11.15"]
[SourceVersion "1"]
[SourceVersionDate "2004.11.15"]
[SourceQuality "1"]
[WhiteTeam "Mindsports"]
[BlackTeam "Bristol"]
[WhiteTeamCountry "ENG"]
[BlackTeamCountry "ENG"]

1. d4 e6 2. c4 Nf6 3. Nc3 Bb4 4. Qc2 0-0 5. a3 Bxc3+ 6. Qxc3 b6 7. Bg5 Bb7 8. f3 h6 9. Bh4 c5 10. dxc5 bxc5 11. e3 Nc6 12. Bd3 Rc8 13. Ne2 Ne4 14. Qxg7+ Kxg7 15. Bxd8 Nxd8 16. Bxe4 Bxe4 17. fxe4 Nc6 18. 0-0-0 Ne5 19. b3 Rc7 20. h3 Kf6 21. Rhf1+ Ke7 22. Nf4 Rg8 23. g4 d6 24. Nd3 Nd7 25. Rf2 Rg7 26. Rdf1 Rc8 27. Kc2 Rh8 28. Nf4 Ne5 29. Nd3 Nd7 30. Nf4 Ne5 31. Nd3 Nd7 1/2-1/2